[Event "Warsaw Chess Open 2022 - A"]
[Site "Warsaw"]
[Date "1899-12-30"]
[Round "6.15"]
[White "Szczotka, Klara"]
[Black "Sowul, Bartosz"]
[Result "0-1"]
[WhiteTitle "k+"]
[BlackTitle "k++"]
[WhiteElo "1760"]
[BlackElo "2283"]

1. d4 Nf6 2. c4 c5 3. d5 e6 4. Nc3 exd5 5. cxd5 d6 6. e4 g6 7. Bd3 Bg7 8. h3 O-O
9. Nf3 Nh5 10. O-O Nd7 11. Bg5 Bf6 12. Be3 Re8 13. g4 Ng7 14. Qd2 a6 15. a4 h5
16. g5 Ne5 17. Nh2 Be7 18. h4 Bh3 19. Rfe1 Qd7 20. Be2 f6 21. f4 Ng4 22. Bf1 Nxe3
23. Rxe3 Bxf1 24. Rxf1 b5 25. Qc2 Bd8 26. gxf6 Bxf6 27. Rg3 Kh7 28. Qg2 Qf7 29.
Nf3 b4 30. Nd1 Rxe4 31. Ne5 dxe5 32. Qxe4 Nf5 33. Rgf3 Nd6 34. Qc2 e4 35. R3f2
Bd4 36. Qd2 e3 37. Nxe3 Ne4 38. Qd3 Nxf2 39. Rxf2 Re8 40. Rf3 Rxe3 0-1

[Event "Warsaw Chess Open 2022 - A"]
[Site "Warsaw"]
[Date "1899-12-30"]
[Round "6.16"]
[White "Rozycki, Bartlomiej"]
[Black "Choroszej, Aleksander"]
[Result "0-1"]
[WhiteTitle "k++"]
[BlackTitle "k"]
[WhiteElo "2210"]
[BlackElo "2040"]

1. d4 g6 2. c4 Bg7 3. Nc3 d6 4. e4 Nf6 5. Nf3 O-O 6. Be2 e5 7. Be3 Ng4 8. Bg5 f6
9. Bh4 g5 10. Bg3 Nh6 11. c5 g4 12. Nh4 Nc6 13. cxd6 cxd6 14. dxe5 dxe5 15. Bc4+
Kh8 16. Qxd8 Rxd8 17. O-O Nd4 18. Rfd1 f5 19. exf5 Nhxf5 20. Nxf5 Bxf5 21. Bd5
Rd7 22. Kf1 Rad8 23. Be4 Bxe4 24. Nxe4 Nf5 25. Rxd7 Rxd7 26. Rc1 h6 27. Ke2 Kh7
28. Rc5 Nd4+ 29. Ke1 Ne6 30. Rb5 Nf4 31. Bxf4 exf4 32. Ke2 Rc7 33. Kd3 b6 34.
b3 Kg6 35. Rd5 Rc1 36. Rd7 Rd1+ 37. Nd2 Rh1 38. h3 f3 39. Rd6+ Bf6 40. gxf3 gxh3
41. Ke2 h2 42. Ne4 Ra1 43. Ng3 h1=Q 44. Nxh1 Rxh1 45. Rd7 h5 46. f4 h4 47. Kf3
Rg1 0-1

[Event "Warsaw Chess Open 2022 - A"]
[Site "Warsaw"]
[Date "1899-12-30"]
[Round "6.17"]
[White "Jaskolka, Tomasz"]
[Black "Markuszewski, Maksymilian"]
[Result "1-0"]
[WhiteTitle "CM"]
[BlackTitle ""]
[WhiteElo "2194"]
[BlackElo "1931"]

1. d4 d5 2. Bf4 c5 3. e3 Nc6 4. c3 Bf5 5. Nd2 e6 6. Ngf3 Qb6 7. Qb3 c4 8. Qxb6
axb6 9. e4 Bg6 10. Be2 b5 11. O-O dxe4 12. Nh4 f5 13. Nxg6 hxg6 14. f3 e3 15.
Bxe3 Bd6 16. g3 Nf6 17. a4 b4 18. Nxc4 Bc7 19. Bd2 Nd5 20. f4 Ke7 21. Bf3 Ra7
22. Rfe1 Kf6 23. Ne5 bxc3 24. bxc3 Bxe5 25. dxe5+ Ke7 26. c4 Ndb4 27. Reb1 Nc2
28. Ra2 N2d4 29. Bxc6 bxc6 30. Bb4+ Kf7 31. Bc5 Nf3+ 32. Kh1 Raa8 33. Rf2 1-0

[Event "Warsaw Chess Open 2022 - A"]
[Site "Warsaw"]
[Date "1899-12-30"]
[Round "6.18"]
[White "Yasmo, Daniil"]
[Black "Krawczyk, Flawian"]
[Result "0-1"]
[WhiteTitle ""]
[BlackTitle "I++"]
[WhiteElo "1680"]
[BlackElo "2162"]

1. e4 c5 2. c4 Nc6 3. Nc3 g6 4. g3 Bg7 5. Bg2 d6 6. Nge2 e6 7. O-O Nge7 8. a3 O-O
9. Rb1 a6 10. b4 Nd4 11. d3 Nec6 12. Nxd4 cxd4 13. Ne2 e5 14. f4 f6 15. a4 Be6
16. h3 b5 17. cxb5 axb5 18. a5 Nb8 19. f5 Bf7 20. g4 Na6 21. Bd2 Rc8 22. Ng3 g5
23. Rc1 Qd7 24. Rxc8 Rxc8 25. Qb1 Bf8 26. Rc1 Be7 27. Rc2 Rxc2 28. Qxc2 Qc7 29.
Qxc7 Nxc7 30. Kf1 Bb3 31. Ke1 Bc2 32. Ke2 Na6 33. Nh1 Kf7 34. Nf2 Ke8 35. Bf3
Kd7 36. Ke1 d5 37. exd5 Nxb4 38. Ke2 Na6 39. Ne4 b4 40. d6 b3 41. Bc1 Bd8 42.
Ba3 h6 43. Bg2 Kc8 44. Bf3 Bxa5 45. Nxf6 Bb4 46. Bc1 Bxd6 47. Nh7 Nc5 48. Be4
Nxe4 49. dxe4 d3+ 50. Ke3 Bc5+ 51. Kd2 Bb4+ 52. Ke3 d2 53. Bxd2 Bc5+ 0-1

[Event "Warsaw Chess Open 2022 - A"]
[Site "Warsaw"]
[Date "1899-12-30"]
[Round "6.19"]
[White "Szczurek, Krzysztof"]
[Black "Siekanska, Zuzanna"]
[Result "1-0"]
[WhiteTitle "FM"]
[BlackTitle "I++"]
[WhiteElo "2151"]
[BlackElo "1712"]

1. Nf3 d5 2. g3 e6 3. Bg2 Nf6 4. O-O c5 5. d4 Nc6 6. dxc5 Bxc5 7. c4 O-O 8. Bg5
h6 9. cxd5 exd5 10. Bxf6 Qxf6 11. Nc3 d4 12. Ne4 Qe7 13. Nxc5 Qxc5 14. Rc1 Qb6
15. Qd2 Be6 16. b3 Rad8 17. Ne1 Rfe8 18. Nd3 Bg4 19. Rfe1 Rd6 20. Qf4 Rg6 21.
Be4 f5 22. Bd5+ Kh8 23. f3 Bh5 24. Bf7 Rg5 25. Bxe8 Bxe8 26. Kg2 Qd8 27. Rc5 Ne7
28. Qc7 Qxc7 29. Rxc7 Nd5 30. Rc8 Ne3+ 31. Kf2 Kh7 32. Rxe8 1-0

[Event "Warsaw Chess Open 2022 - A"]
[Site "Warsaw"]
[Date "1899-12-30"]
[Round "6.20"]
[White "Mulawa, Cyprian"]
[Black "Zysko, Jan"]
[Result "1-0"]
[WhiteTitle "I"]
[BlackTitle "k"]
[WhiteElo "1949"]
[BlackElo "2138"]

1. e4 c5 2. Nf3 e6 3. d4 cxd4 4. Nxd4 Nc6 5. Nc3 Qc7 6. g4 a6 7. Be3 b5 8. Nxc6
Qxc6 9. Bg2 Bb7 10. a3 Bc5 11. Bd4 Ne7 12. Bxg7 Rg8 13. Bd4 Ng6 14. Rg1 Qb6 15.
Bxc5 Qxc5 16. Qd2 Ne5 17. O-O-O Bc6 18. Nd5 O-O-O 19. Qf4 exd5 20. Qxe5 Rxg4 21.
exd5 Rdg8 22. Qe2 Rxg2 23. Rxg2 Rxg2 24. dxc6 Qxc6 25. Qe8+ Kc7 26. Qxf7 Qe6 27.
Qf4+ Kc8 28. Kb1 Rg4 29. Qf8+ Kc7 30. Qc5+ Kb7 31. Qh5 h6 32. h3 Rf4 33. Qc5 Rc4
34. Qh5 Rf4 35. f3 Kc6 36. Rd3 Rf5 37. Qh4 Re5 38. Rd1 Re3 39. Qf2 Kb7 40. h4
Re2 41. Qd4 Kc8 42. Qc3+ Kb7 43. b3 Re3 44. Rxd7+ Qxd7 45. Qxe3 Qd6 46. Qe4+ Kb6
47. Ka2 Qf6 48. h5 Qg5 49. Qg6+ 1-0

[Event "Warsaw Chess Open 2022 - A"]
[Site "Warsaw"]
[Date "1899-12-30"]
[Round "6.21"]
[White "Oniani, Tamar"]
[Black "Zaninotto, Franco"]
[Result "0-1"]
[WhiteTitle ""]
[BlackTitle "FM"]
[WhiteElo "1663"]
[BlackElo "2069"]

1. d4 Nf6 2. c4 g6 3. Nc3 Bg7 4. e4 d6 5. Bd3 O-O 6. Nge2 Nc6 7. a3 Nh5 8. Be3
e5 9. d5 Ne7 10. O-O f5 11. f3 f4 12. Bf2 g5 13. Nc1 Nf6 14. Be2 h5 15. b4 Ng6
16. c5 g4 17. Kh1 g3 18. Be1 gxh2 19. Kxh2 h4 20. Rh1 Nh5 21. Kg1 Rf7 22. Nd3
h3 23. Bf1 Qg5 24. Ra2 Bf8 25. cxd6 cxd6 26. Rh2 Rg7 27. Nf2 hxg2 28. Rxg2 Ng3
29. Ng4 Nh4 30. Bxg3 Nxg2 31. Rxg2 fxg3 32. Rxg3 Bxg4 33. fxg4 Be7 34. Nb5 Rc8
35. Nxa7 Rc1 36. Qd3 Rf7 0-1

[Event "Warsaw Chess Open 2022 - A"]
[Site "Warsaw"]
[Date "1899-12-30"]
[Round "6.22"]
[White "Pires, Emanuel Joao Robarts"]
[Black "Shamatava, Nikolozi"]
[Result "0-1"]
[WhiteTitle "I++"]
[BlackTitle ""]
[WhiteElo "2062"]
[BlackElo "1783"]

1. e4 e5 2. Qh5 Nc6 3. Bc4 g6 4. Qf3 Nf6 5. Ne2 Bg7 6. a3 O-O 7. d3 d6 8. Bg5 h6
9. Bxf6 Qxf6 10. Qxf6 Bxf6 11. Nbc3 Be6 12. O-O-O Ne7 13. h4 c6 14. h5 d5 15.
Bb3 Rad8 16. Ng3 d4 17. Nce2 Bxb3 18. cxb3 Bg5+ 19. Kc2 Rd6 20. Ng1 c5 21. Nf3
Nc6 22. Rh3 Bf4 23. Ne2 g5 24. Rhh1 f5 25. Nxf4 exf4 26. Nd2 Ne5 27. exf5 Rxf5
28. Ne4 Rc6 29. f3 Kf7 30. Kd2 Ke6 31. Rc1 Kd5 32. Nf2 b5 33. Rc2 Rf8 34. Rhc1
Rfc8 35. Ke2 c4 36. bxc4+ bxc4 37. dxc4+ Rxc4 38. Rxc4 Rxc4 39. Kd2 Rxc1 40. Kxc1
Kc4 41. Ne4 Kd3 42. Kd1 Ke3 43. b4 Nc4 44. a4 Nb2+ 45. Ke1 d3 46. a5 Nc4 47. b5
Nxa5 48. Nxg5 d2+ 49. Kd1 Nc4 0-1

[Event "Warsaw Chess Open 2022 - A"]
[Site "Warsaw"]
[Date "1899-12-30"]
[Round "6.23"]
[White "Klim, Filip"]
[Black "Fishchuk, Vladyslav"]
[Result "1-0"]
[WhiteTitle "I++"]
[BlackTitle "FM"]
[WhiteElo "1975"]
[BlackElo "2309"]

1. e4 c5 2. Nf3 Nc6 3. d4 cxd4 4. Nxd4 Nf6 5. Nc3 e5 6. Ndb5 d6 7. Bg5 a6 8. Na3
b5 9. Nd5 Be7 10. Bxf6 Bxf6 11. c3 Ne7 12. Nxf6+ gxf6 13. Bd3 d5 14. Qf3 f5 15.
O-O-O b4 16. cxb4 Qc7+ 17. Bc2 fxe4 18. Qf6 Rg8 19. Kb1 Be6 20. b5 Rb8 21. bxa6
d4 22. Ba4+ Kf8 23. a7 Qxa7 24. Qxe5 Rxg2 25. Qh8+ Ng8 26. Qxd4 Qxd4 27. Rxd4
Rxf2 28. Bc2 f5 29. Nc4 Bxc4 30. Rxc4 e3 31. Re1 f4 32. Kc1 Rd8 33. b4 e2 34.
Kb2 Ne7 35. Bb3 f3 36. Rf4+ Kg7 37. Rf7+ Kh6 38. Rxe7 Rg2 39. Re6+ Kg5 40. Kc3
f2 41. h4+ Kg4 42. R6xe2 fxe1=Q+ 43. Rxe1 Rg3+ 44. Kc4 Kxh4 45. b5 h5 46. Bd1
Rc8+ 47. Kb4 Rh8 48. a4 Rg2 49. Rh1+ Kg5 50. Rxh5+ Rxh5 51. Bxh5 Kxh5 52. b6 Kg5
53. a5 Ra2 54. Kb5 Kf6 55. b7 Ke7 56. Kb6 Rb2+ 57. Ka7 Rb5 58. a6 Kd7 59. b8=Q
Rxb8 60. Kxb8 1-0

[Event "Warsaw Chess Open 2022 - A"]
[Site "Warsaw"]
[Date "1899-12-30"]
[Round "6.24"]
[White "Podgorski, Maciej"]
[Black "Dalkowski, Rafal"]
[Result "1-0"]
[WhiteTitle "I++"]
[BlackTitle "k"]
[WhiteElo "1967"]
[BlackElo "2120"]

1. e4 c6 2. d4 d5 3. exd5 cxd5 4. Bd3 Nc6 5. c3 Qc7 6. h3 e6 7. Nf3 Bd6 8. O-O
Nf6 9. Re1 O-O 10. Nbd2 Bd7 11. Nf1 h6 12. N1h2 Rfe8 13. Bd2 a6 14. Qc2 Rac8 15.
Rac1 b5 16. Re2 Qb8 17. Qb1 a5 18. Rce1 b4 19. Ne5 Re7 20. Bxh6 gxh6 21. Qc1 Nxd4
22. Qxh6 Nxe2+ 23. Rxe2 Bxe5 24. Qg5+ Kf8 25. Qh6+ Kg8 26. Qg5+ Kf8 27. Rxe5 Bb5
28. Qxf6 Ke8 29. Bh7 bxc3 30. bxc3 Rxc3 31. Qh8+ Kd7 32. Qxb8 Rc1+ 33. Nf1 Bxf1
34. Qb2 Rc6 35. Kxf1 f6 36. Qb7+ Kd6 37. Qb8+ Kd7 38. Rxd5+ 1-0

[Event "Warsaw Chess Open 2022 - A"]
[Site "Warsaw"]
[Date "1899-12-30"]
[Round "6.25"]
[White "Starosta, Martyna"]
[Black "Kulesza, Andrzej"]
[Result "0-1"]
[WhiteTitle "WCM"]
[BlackTitle "I++"]
[WhiteElo "1918"]
[BlackElo "2051"]

1. e4 c5 2. Nf3 d6 3. d4 cxd4 4. Nxd4 Nf6 5. Nc3 a6 6. Bg5 Nbd7 7. f4 Qc7 8. Qf3
b5 9. O-O-O Bb7 10. Bd3 g6 11. Rhe1 Bg7 12. a3 O-O 13. g4 Rac8 14. Nde2 Qb6 15.
Qh3 Rfe8 16. Bh6 Nc5 17. Bxg7 Kxg7 18. Nd4 b4 19. g5 Ng8 20. axb4 Qxb4 21. Qe3
Rb8 22. Kd2 Rec8 23. f5 Na4 24. f6+ Kh8 25. fxe7 Rxc3 26. bxc3 Nxc3 27. Rc1 Nxe7
28. Ne2 Nxe4+ 29. Kd1 Nf5 30. Qf4 Re8 31. c3 Qa4+ 32. Bc2 Qc4 33. Rf1 Qd5+ 34.
Ke1 Nxc3 35. Rf2 Qh1+ 36. Kd2 Rxe2+ 37. Rxe2 Qxc1+ 0-1

[Event "Warsaw Chess Open 2022 - A"]
[Site "Warsaw"]
[Date "1899-12-30"]
[Round "6.26"]
[White "Ciborowski, Konrad Jr"]
[Black "Krasiewicz, Robert"]
[Result "1-0"]
[WhiteTitle "I++"]
[BlackTitle "k+"]
[WhiteElo "1904"]
[BlackElo "1999"]

1. Nf3 g6 2. e3 Bg7 3. c4 c5 4. Be2 Nf6 5. b3 O-O 6. Bb2 d5 7. O-O Nc6 8. cxd5
Nxd5 9. Bxg7 Kxg7 10. d4 Qa5 11. e4 Nf4 12. d5 Rd8 13. Nbd2 Nb4 14. Nc4 Qc7 15.
a3 Na6 16. Re1 f5 17. Bd3 fxe4 18. Bxe4 Nxd5 19. Nfe5 Nf6 20. Qf3 Rb8 21. Bxg6
hxg6 22. Qg3 Bf5 23. Ne3 Be4 24. f3 Bd3 25. Rad1 Nh5 26. Qg5 Qd6 27. Nf5+ Bxf5
28. Rxd6 exd6 29. Qe7+ Kg8 30. Qf7+ Kh8 31. Nxg6+ Bxg6 32. Qxg6 Rd7 33. Re8+ Rxe8
34. Qxe8+ 1-0

[Event "Warsaw Chess Open 2022 - A"]
[Site "Warsaw"]
[Date "1899-12-30"]
[Round "6.27"]
[White "Atkinson, Paul"]
[Black "Kostecka, Marika"]
[Result "1-0"]
[WhiteTitle "CM"]
[BlackTitle "WCM"]
[WhiteElo "2116"]
[BlackElo "1836"]

1. Nf3 Nf6 2. c4 e6 3. b3 Be7 4. Bb2 d5 5. e3 b6 6. Nc3 Bb7 7. Rc1 O-O 8. Be2 c5
9. cxd5 Nxd5 10. O-O Nd7 11. Qc2 Bf6 12. Rfd1 Nb4 13. Qb1 Ne5 14. Nxe5 Bxe5 15.
a3 Nd5 16. Nxd5 Bxb2 17. Qxb2 Bxd5 18. b4 Qg5 19. f3 cxb4 20. Qxb4 Rac8 21. Qa4
Qe7 22. e4 Ba8 23. Qa6 Qd7 24. Rxc8 Rxc8 25. d4 h6 26. Qb5 Bc6 27. Qb4 Ba4 28.
Rd2 Bc6 29. Rc2 Rd8 30. Rd2 Rc8 31. Bd1 Rd8 32. Bb3 Qb7 33. d5 exd5 34. exd5 Bd7
35. Qf4 Qc8 36. Rc2 Qa6 37. Qc7 Re8 38. Qxd7 Re1+ 39. Kf2 Rf1+ 40. Kg3 Qd3 41.
Qe8+ Kh7 42. Qe4+ 1-0

[Event "Warsaw Chess Open 2022 - A"]
[Site "Warsaw"]
[Date "1899-12-30"]
[Round "6.28"]
[White "Zalega, Maciej"]
[Black "Murchadha, Oissine"]
[Result "0-1"]
[WhiteTitle "I+"]
[BlackTitle "I"]
[WhiteElo "1912"]
[BlackElo "1984"]

1. e4 c6 2. d4 d5 3. Nc3 dxe4 4. Nxe4 Nf6 5. Nxf6+ exf6 6. c3 Bd6 7. Bd3 O-O 8.
Qc2 Re8+ 9. Ne2 h5 10. O-O h4 11. Nf4 Qc7 12. g3 Nd7 13. Qd1 Nf8 14. Qh5 h3 15.
Nxh3 c5 16. dxc5 Bxc5 17. Nf4 Re5 18. Qf3 Bd7 19. Nd5 Qd8 20. c4 Bc6 21. Rd1 Ne6
22. Bf4 Nd4 23. Qg4 Rxd5 24. Bh6 Rg5 25. Bh7+ Kxh7 26. Bxg5 Nf3+ 0-1

[Event "Warsaw Chess Open 2022 - A"]
[Site "Warsaw"]
[Date "1899-12-30"]
[Round "6.29"]
[White "Pettersson, Alexander"]
[Black "Celinski, Kamil"]
[Result "0-1"]
[WhiteTitle "II+"]
[BlackTitle "I++"]
[WhiteElo "1968"]
[BlackElo "1876"]

1. d4 Nf6 2. c4 c5 3. d5 b5 4. Nf3 b4 5. Nbd2 g6 6. e4 d6 7. h3 Bg7 8. Bd3 Nh5
9. g3 O-O 10. Kf1 e6 11. Kg2 exd5 12. cxd5 f5 13. exf5 Bxf5 14. Nc4 Bxd3 15. Qxd3
Nd7 16. Re1 Nb6 17. Re6 Nxc4 18. Qxc4 Qd7 19. g4 Qf7 20. Qe4 Nf6 21. Qd3 Nd7 22.
Qe2 Ne5 23. Ng5 Qb7 24. Qe4 h6 25. f4 hxg5 26. fxe5 Qf7 27. Be3 Rae8 28. Rxe8
Qxe8 29. e6 Bxb2 30. Rb1 Bf6 31. Rf1 Kg7 32. Bxc5 dxc5 33. d6 Qa8 34. Qxa8 Rxa8
35. Rc1 Be5 36. d7 Bf6 37. Rxc5 Rd8 38. Kf3 Be7 39. Rc6 Kf6 40. Ke4 Rh8 41. Rc8
Bd8 42. Kd5 Ke7 43. Rc1 Rxh3 44. Rf1 Rd3+ 0-1

[Event "Warsaw Chess Open 2022 - A"]
[Site "Warsaw"]
[Date "1899-12-30"]
[Round "6.30"]
[White "Darda-braver, Roman"]
[Black "Adamski, Adam"]
[Result "1/2-1/2"]
[WhiteTitle ""]
[BlackTitle "I"]
[WhiteElo "1963"]
[BlackElo "1784"]

1. Nf3 Nf6 2. g3 d5 3. Bg2 g6 4. O-O Bg7 5. d3 O-O 6. Nbd2 Nbd7 7. e4 dxe4 8. dxe4
e5 9. Qe2 c6 10. Nc4 Qc7 11. a4 Ne8 12. Ng5 h6 13. Nh3 Nd6 14. f4 Nxc4 15. Qxc4
Nb6 16. Qc5 Bxh3 17. Bxh3 exf4 18. gxf4 Rad8 19. c3 Rd3 20. Kg2 Qd8 21. Qf2 Nc4
22. Bg4 Nd2 23. Re1 Re8 24. Bxd2 Rxd2 25. Re2 Rd3 26. Bf3 Qf6 27. Rd2 Red8 28.
Rad1 Rxd2 29. Rxd2 a6 30. Bg4 h5 31. Rxd8+ Qxd8 32. Bf3 Bh6 33. f5 Qg5+ 34. Qg3
Kg7 35. Qxg5 1/2-1/2

[Event "Warsaw Chess Open 2022 - A"]
[Site "Warsaw"]
[Date "1899-12-30"]
[Round "6.31"]
[White "Pancewicz, Szymon"]
[Black "Ciechanski, Jacenty"]
[Result "1-0"]
[WhiteTitle "I+"]
[BlackTitle "CM"]
[WhiteElo "1756"]
[BlackElo "2192"]

1. e4 c5 2. Nf3 d6 3. d4 cxd4 4. Nxd4 Nf6 5. Nc3 a6 6. h3 e5 7. Nb3 Be6 8. f4 Qc7
9. f5 Bxb3 10. axb3 Nbd7 11. Bb5 Rc8 12. Bxd7+ Nxd7 13. Be3 Qc6 14. O-O Nf6 15.
Qd3 Be7 16. Bg5 Rg8 17. Bxf6 gxf6 18. Kh1 Rg5 19. Rf2 Kf8 20. Nd5 h5 21. c3 h4
22. Rd1 Qc5 23. Rf3 Rc6 24. Qd2 Bd8 25. Rd3 Be7 26. b4 Qa7 27. Nxe7 Kxe7 28. Rxd6
Qb6 29. Rxc6 bxc6 30. Qd6+ Ke8 31. Qxf6 1-0

[Event "Warsaw Chess Open 2022 - A"]
[Site "Warsaw"]
[Date "1899-12-30"]
[Round "6.32"]
[White "Keely, Leo A"]
[Black "Spicak, Krzysztof"]
[Result "1-0"]
[WhiteTitle ""]
[BlackTitle "k"]
[WhiteElo "1955"]
[BlackElo "1858"]

1. e4 d6 2. Nc3 e5 3. f4 Nc6 4. Nf3 Bg4 5. Bb5 Bxf3 6. Qxf3 exf4 7. O-O a6 8. Bxc6+
bxc6 9. d4 g5 10. e5 d5 11. Qh5 Qd7 12. Qxg5 Bh6 13. Qh4 Qe7 14. Qxe7+ Nxe7 15.
Bxf4 Bg7 16. Bg5 c5 17. Bxe7 Kxe7 18. Nxd5+ Kf8 19. Nxc7 Ra7 20. Ne6+ Kg8 21.
Nxc5 Bf8 22. Ne4 Be7 23. Rf4 1-0

[Event "Warsaw Chess Open 2022 - A"]
[Site "Warsaw"]
[Date "1899-12-30"]
[Round "6.33"]
[White "Yunusov, Mukhammad"]
[Black "Khamidov, Abdulla"]
[Result "1/2-1/2"]
[WhiteTitle ""]
[BlackTitle ""]
[WhiteElo "1874"]
[BlackElo "1834"]

1. d4 Nf6 2. Bf4 g6 3. e3 Bg7 4. Nf3 Nh5 5. Bg5 h6 6. Bh4 g5 7. Ne5 Nf6 8. Bg3
d6 9. Nf3 Ne4 10. Bd3 Nxg3 11. hxg3 Bg4 12. c3 Nd7 13. Qb3 Nb6 14. a4 a5 15. Nbd2
Be6 16. Qc2 c5 17. Bf5 Bxf5 18. Qxf5 e6 19. Qd3 cxd4 20. Qb5+ Ke7 21. exd4 Qc7
22. O-O Nd7 23. Rfe1 Ra6 24. d5 e5 25. Nd4 Rb8 26. Nc6+ Rxc6 27. dxc6 bxc6 28.
Qd3 Rxb2 29. Nc4 Rb8 30. Rad1 d5 31. Nxe5 Nxe5 32. f4 Kf8 33. fxe5 Bxe5 34. Qh7
Bg7 35. Rd3 Qd6 36. Qf5 Rd8 37. Kh2 Qd7 38. Qf3 Qd6 39. Qf5 Qf6 40. Qg4 Qg6 41.
Rde3 h5 42. Qd7 Bf6 43. Re8+ Rxe8 44. Rxe8+ Kg7 45. Qxc6 Qd3 46. Rg8+ Kxg8 47.
Qxf6 Qd1 48. Qxg5+ Kh7 49. Qf5+ Kg7 50. Qg5+ Kh7 51. Qf6 Qxa4 52. Qxf7+ Kh6 53.
Qxd5 h4 54. Kh3 hxg3 55. Kxg3 Qa1 56. Qe6+ Kg5 57. Qe5+ Kg6 58. Qd6+ Kg5 59. Qd5+
Kg6 60. Qe6+ Kg5 61. Qe5+ Kg6 62. Kg4 Qd1+ 63. Kf4 Qf1+ 64. Kg3 Qd3+ 65. Kf2 Qd2+
66. Kf3 Qd1+ 67. Qe2 Qa1 68. Qc2+ Kf6 69. c4 a4 1/2-1/2

[Event "Warsaw Chess Open 2022 - A"]
[Site "Warsaw"]
[Date "1899-12-30"]
[Round "6.34"]
[White "Siekanska, Maria"]
[Black "Bogusz, Alan"]
[Result "1-0"]
[WhiteTitle "k+"]
[BlackTitle "I"]
[WhiteElo "1964"]
[BlackElo "1794"]

1. d4 Nf6 2. c4 e6 3. Nc3 Bb4 4. e3 O-O 5. Bd3 d5 6. cxd5 exd5 7. Nge2 c6 8. O-O
Bd6 9. f3 Qc7 10. h3 Nh5 11. e4 dxe4 12. fxe4 g6 13. e5 Be7 14. Bh6 Ng7 15. Ne4
Be6 16. Nf6+ Bxf6 17. exf6 Nh5 18. Bxf8 Kxf8 19. Qe1 Nd7 20. Qh4 Kg8 21. g4 Nhxf6
22. Rxf6 Nxf6 23. Qxf6 Qb6 24. b3 Re8 25. Rf1 Qc7 26. Qf4 Qd7 27. Nc3 Rd8 28.
Rd1 Qxd4+ 29. Qxd4 Rxd4 30. Be2 Rxd1+ 31. Bxd1 f5 32. gxf5 gxf5 33. Kf2 Kg7 34.
Kf3 Kf6 35. Kf4 a5 36. Bf3 h6 37. Na4 Bd7 38. Nb6 Be6 39. Be2 Bf7 40. Bd3 Be6
41. Bc2 Kg6 42. Ke5 Kf7 43. Bxf5 1-0

[Event "Warsaw Chess Open 2022 - A"]
[Site "Warsaw"]
[Date "1899-12-30"]
[Round "8.1"]
[White "Fus, Jakub"]
[Black "Janik, Igor"]
[Result "1/2-1/2"]
[WhiteTitle "FM"]
[BlackTitle "GM"]
[WhiteElo "2389"]
[BlackElo "2519"]

1. d4 g6 2. c4 Bg7 3. e4 e6 4. Nc3 Ne7 5. Nf3 d5 6. e5 c5 7. dxc5 O-O 8. Be2 Nd7
9. cxd5 exd5 10. O-O Nxe5 11. Bf4 N5c6 12. Qd2 Be6 13. Rfd1 Rc8 14. Nb5 Nf5 15.
Rac1 a6 16. Nd6 Nxd6 17. Bxd6 Re8 18. b4 d4 19. Re1 Bd5 20. a4 d3 21. Bxd3 Bxf3
22. Rxe8+ Qxe8 23. Re1 Qd7 24. gxf3 Nd4 25. Be4 Re8 26. Bxb7 Re5 27. Rxe5 Bxe5
28. Bd5 Qf5 29. Qe3 Bxd6 30. Qxd4 Qg5+ 31. Kh1 Bf4 32. Qe4 Kg7 33. h3 f5 34. Qc4
Bc7 35. b5 axb5 36. axb5 Qd2 37. Kg2 Be5 38. c6 Bd4 39. Qa2 Qg5+ 40. Kf1 Qc1+
41. Kg2 Qg5+ 42. Kf1 Qc1+ 43. Kg2 1/2-1/2

[Event "Warsaw Chess Open 2022 - A"]
[Site "Warsaw"]
[Date "1899-12-30"]
[Round "8.3"]
[White "Jarmula, Lukasz"]
[Black "Pacan-milej, Kosma"]
[Result "1/2-1/2"]
[WhiteTitle "GM"]
[BlackTitle "FM"]
[WhiteElo "2452"]
[BlackElo "2412"]

1. d4 Nf6 2. c4 g6 3. Nc3 Bg7 4. e4 d6 5. Be2 O-O 6. Nf3 e5 7. d5 a5 8. Be3 Na6
9. Nd2 h5 10. f3 Nh7 11. a3 Bd7 12. Qc2 Bf6 13. O-O-O Bg5 14. Bf2 h4 15. Kb1 Nc5
16. Nb3 Nxb3 17. Qxb3 b6 18. Qc2 a4 19. Bd3 Nf6 20. Rdg1 Nh5 21. Qd1 Nf4 22. Bc2
Qe8 23. Be1 h3 24. g3 Ng2 25. Bd2 Be3 26. Rf1 b5 27. Qe2 Bxd2 28. Qxd2 bxc4 29.
Rc1 Qb8 30. Bd1 Qb6 31. Be2 Qd4 32. Rhd1 Qe3 33. Qxe3 Nxe3 34. Rd2 f5 35. Nd1
Nxd1 36. Bxd1 Bb5 37. exf5 Rxf5 38. Be2 Raf8 39. Bxc4 Bxc4 40. Rxc4 Rxf3 41. Rxc7
Rf1+ 42. Ka2 R8f2 1/2-1/2

[Event "Warsaw Chess Open 2022 - A"]
[Site "Warsaw"]
[Date "1899-12-30"]
[Round "8.4"]
[White "Janeczko, Jakub"]
[Black "Padalka, Artem"]
[Result "0-1"]
[WhiteTitle "I++"]
[BlackTitle ""]
[WhiteElo "2080"]
[BlackElo "2204"]

1. e4 c5 2. Nf3 d6 3. d4 cxd4 4. Nxd4 Nf6 5. Nc3 g6 6. Be3 Bg7 7. f3 O-O 8. Qd2
Nc6 9. g4 h5 10. g5 Nd7 11. h4 Nde5 12. Be2 Na5 13. O-O-O Nac4 14. Bxc4 Nxc4 15.
Qe2 Nxe3 16. Qxe3 Be6 17. f4 Qa5 18. Nxe6 fxe6 19. Qh3 Kf7 20. e5 dxe5 21. fxe5
Qxe5 22. Rhe1 Qf4+ 23. Kb1 Qg4 24. Qd3 Bxc3 25. Rf1+ Kg8 26. bxc3 Rf5 27. Qd7
Qe2 28. Rfe1 Qb5+ 29. Kc1 Qxd7 30. Rxd7 Kf7 31. Re4 b5 32. c4 a6 33. Red4 Rc8
34. cxb5 axb5 35. Rb7 Ke8 36. Rdd7 Rf7 37. Rd2 Rf5 38. Rdd7 Rf7 39. Rd2 Kf8 40.
Rb6 Rf4 41. Rxe6 Kf7 42. Rde2 Rc7 43. R6e4 Rf5 44. Kb2 Rfc5 45. Rf2+ Ke8 46. Re6
R7c6 47. Rfe2 Rxc2+ 48. Kb3 Rxe6 49. Rxe6 Rc4 50. Rxg6 Rxh4 51. Rb6 b4 52. Rh6
Kf7 53. a3 bxa3 54. Kxa3 Rc4 55. Kb3 Rc5 56. Rxh5 Kg6 57. Rh8 Kxg5 58. Rf8 e5
59. Kb2 e4 60. Kb1 Kg4 61. Rf7 e3 62. Rf8 Kg3 63. Kb2 Rc4 64. Re8 Kf3 65. Rf8+
Rf4 66. Rh8 e2 67. Rh3+ Kg2 68. Re3 Kf2 69. Re8 e1=Q 70. Rxe1 Kxe1 71. Kc3 Ke2
72. Kb3 Kd2 73. Kb2 0-1

[Event "Warsaw Chess Open 2022 - A"]
[Site "Warsaw"]
[Date "1899-12-30"]
[Round "8.5"]
[White "Sieciechowicz, Marcin"]
[Black "Sriram, Jha"]
[Result "1-0"]
[WhiteTitle "IM"]
[BlackTitle "GM"]
[WhiteElo "2383"]
[BlackElo "2361"]

1. d4 d5 2. c4 c6 3. Nf3 Nf6 4. e3 Bf5 5. Nc3 e6 6. Nh4 Be4 7. f3 Bg6 8. Qb3 Qc7
9. Bd2 Be7 10. Nxg6 hxg6 11. O-O-O dxc4 12. Bxc4 Nbd7 13. e4 b5 14. Be2 a6 15.
e5 Nd5 16. Kb1 Nxc3+ 17. Qxc3 c5 18. dxc5 Qxc5 19. f4 Qxc3 20. Bxc3 Bc5 21. Bf3
Ra7 22. Rd3 Ke7 23. Ba5 Rb8 24. Rc1 Bb6 25. Bb4+ Ke8 26. Bc6 Rd8 27. Rcd1 a5 28.
Bd6 b4 29. Rh3 f5 30. exf6 Kf7 31. Be7 Rb8 32. Rxd7 Rxd7 33. Bxd7 gxf6 34. Bd6
Rd8 35. Rh7+ Kg8 36. Re7 Kf8 37. Rxe6+ 1-0

[Event "Warsaw Chess Open 2022 - A"]
[Site "Warsaw"]
[Date "1899-12-30"]
[Round "8.6"]
[White "Psyk, Radoslaw"]
[Black "Sowul, Bartosz"]
[Result "1-0"]
[WhiteTitle "k++"]
[BlackTitle "k++"]
[WhiteElo "2411"]
[BlackElo "2283"]

1. e4 c5 2. Nf3 d6 3. Bb5+ Nd7 4. O-O a6 5. Bd3 Ngf6 6. Re1 e6 7. c3 b5 8. Bc2
c4 9. d4 cxd3 10. Qxd3 Bb7 11. Nbd2 Be7 12. Qe2 Qc7 13. Nd4 g6 14. N2f3 e5 15.
Nb3 O-O 16. a4 bxa4 17. Rxa4 a5 18. Bg5 Bc6 19. Ra2 Rfb8 20. Nfd2 Bf8 21. c4 Nh5
22. Rea1 a4 23. Nc1 Nc5 24. Nd3 Ng7 25. Nxc5 dxc5 26. Nf3 Ne6 27. Bxa4 Bxa4 28.
Rxa4 Rxa4 29. Rxa4 Nxg5 30. Nxg5 Qd8 31. h4 Rxb2 32. Qxb2 Qd1+ 33. Kh2 Qxa4 34.
Qc3 Qa2 35. Kg3 Qe2 36. f3 Qd1 37. Nh3 Be7 38. h5 Qd8 39. hxg6 hxg6 40. Kh2 Qd6
41. Nf2 Bg5 42. g3 f6 43. Kg2 Qb6 44. Qd3 Qa5 45. Qd5+ Kg7 46. Qb7+ Kg8 47. Qb8+
Kg7 48. f4 exf4 49. gxf4 Bh6 50. Qb7+ Kf8 51. Qc8+ Ke7 52. Ng4 Qa3 53. Qc7+ Ke8
54. f5 gxf5 55. exf5 Bg5 56. Qc8+ Ke7 57. Qe6+ Kd8 58. Nf2 Qb4 59. Qd5+ Ke7 60.
Ne4 Qe1 61. Qxc5+ Kd7 62. Qd5+ Kc7 63. Qd6+ Kc8 64. Qe6+ Kb8 65. Nxg5 Qd2+ 66.
Kf3 Qxg5 67. c5 Qh5+ 68. Ke3 Qg5+ 69. Kd4 Qf4+ 70. Kd5 Qf3+ 71. Kd6 Qa3 72. Qxf6
Qa6+ 73. c6 Qd3+ 74. Ke7 Kc7 75. Qe6 Qa3+ 76. Kf7 Qh3 77. Qd7+ Kb6 78. f6 Qh7+
79. Kf8 Qh8+ 80. Ke7 Qh5 81. f7 Qg5+ 82. Ke8 Qe5+ 83. Qe7 Qh8+ 84. f8=Q 1-0

[Event "Warsaw Chess Open 2022 - A"]
[Site "Warsaw"]
[Date "1899-12-30"]
[Round "8.7"]
[White "Antolak, Julia"]
[Black "Chyzy, Jakub"]
[Result "1/2-1/2"]
[WhiteTitle "WGM"]
[BlackTitle "FM"]
[WhiteElo "2399"]
[BlackElo "2230"]

1. e4 e5 2. Nf3 Nc6 3. Bb5 a6 4. Ba4 Nf6 5. O-O Be7 6. Re1 b5 7. Bb3 d6 8. c3 O-O
9. h3 Na5 10. Bc2 c5 11. d4 Nd7 12. Nbd2 exd4 13. cxd4 Nc6 14. d5 Nce5 15. Nxe5
Nxe5 16. f4 Ng6 17. Nf3 f5 18. e5 Bb7 19. e6 Qc7 20. Be3 Bd8 21. b4 c4 22. a4
Ne7 23. axb5 axb5 24. Nd4 Rxa1 25. Qxa1 Bxd5 26. Nxb5 Qb7 27. Nxd6 Qxb4 28. Nf7
Bb6 29. Kh2 Ra8 30. Qd1 Ra2 31. Bxb6 Rxc2 32. Qxc2 Qxe1 33. Qa4 Bc6 34. Qxc4 Qd2
35. Qf1 Ng6 36. Qf2 Qxf2 37. Bxf2 Bd5 38. Nd8 Kf8 39. Bc5+ Ke8 40. Nf7 Nxf4 41.
Nd6+ Ke7 42. Nxf5+ 1/2-1/2